000 00378nam a2200157Ia 4500
003 Ost
005 20260225132554.0
008 260225s9999||||xx |||||||||||||| ||und||
040 _cfsic
041 _afre
082 _a440
100 _aMohamed cherif ould el Houcine
_eAuteur
245 0 _aAu coeur du combat /
245 0 _cMohamed cherif ould el Houcine
942 _cكتاب
999 _c34332
_d34332